000 00421nam a2200145 i 4500
001 60354
003 ES-MaACL
007 t|
008 031104s1915 ag ||||1| spa d
100 1 _aEspil, Felipe A.
_947823
245 1 3 _aLa suprema corte federal y su jurisdicción extraordinaria /
_cFelipe A. Espil.
260 _aBuenos Aires :
_bConi Hermanos,
_c1915.
300 _a256 p. ;
_c23 cm.
852 _aES-MaACL
_jG-5363
999 _c60354
_d60354